|
|
|
|
| LEADER |
00000cam a2200000 7i4500 |
| 001 |
0000005265 |
| 005 |
20151222.0 |
| 008 |
070802 |
| 020 |
|
|
|a 9832642450(set)
|
| 020 |
|
|
|a 9832642485
|
| 090 |
0 |
0 |
|a JF
|b ENG
|
| 100 |
1 |
|
|a P. N. Fasma
|
| 245 |
1 |
0 |
|a Alexander's bridge
|c P. N. Fasma
|
| 260 |
|
|
|a Kuala Lumpur :
|b Pustaka Buana ,
|c 2004
|
| 440 |
|
|
|a Cheerful novella readers
|
| 500 |
|
|
|a Children ages 10-12 years old (pink)
|
| 650 |
|
0 |
|a Junior fiction
|x English
|x Languages
|
| 999 |
|
|
|a 0000004548
|b Book
|c Children Collection
|e Cawangan Taman Universiti
|
| 999 |
|
|
|a 0000004549
|b Book
|c Children Collection
|e Cawangan Taman Universiti
|
| 999 |
|
|
|a 0000004550
|b Book
|c Children Collection
|e Cawangan Taman Universiti
|
| 999 |
|
|
|a 0000919295
|b Book
|c Children Collection
|e Cawangan Bukit Gambir
|
| 999 |
|
|
|a 0000919296
|b Book
|c Children Collection
|e Cawangan Bukit Gambir
|
| 999 |
|
|
|a 0000919297
|b Book
|c Children Collection
|e Cawangan Bukit Gambir
|
| 999 |
|
|
|a 0000929520
|b Book
|c Children Collection
|e Cawangan Tangkak
|
| 999 |
|
|
|a 0000929521
|b Book
|c Children Collection
|e Cawangan Tangkak
|
| 999 |
|
|
|a 0000929522
|b Book
|c Children Collection
|e Cawangan Tangkak
|
| 999 |
|
|
|a 0000974943
|b Book
|c Children Collection
|e Cawangan Mersing
|
| 999 |
|
|
|a 0000974944
|b Book
|c Children Collection
|e Cawangan Kota Tinggi
|
| 999 |
|
|
|a 0000974945
|b Book
|c Children Collection
|e Cawangan Bandar Tenggara
|
| 999 |
|
|
|a 0000974946
|b Book
|c Children Collection
|e Cawangan Bandar Tenggara
|
| 999 |
|
|
|a 0000974947
|b Book
|c Children Collection
|e Cawangan Sri Merlong
|
| 999 |
|
|
|a 0001051347
|b Book
|c Children Collection
|e Cawangan Segamat
|
| 999 |
|
|
|a 0001051348
|b Book
|c Children Collection
|e Cawangan Bukit Gambir
|
| 999 |
|
|
|a 0001051349
|b Book
|c Children Collection
|e Cawangan Tangkak
|